| Tag |
First Indicator |
Second Indicator |
Subfields |
| LEADER |
00000cam a2200000 4500 |
| 001 |
in00000041521 |
| 005 |
20151007074604.0 |
| 008 |
750829s1949 njuacb b 00000 eng |
| 010 |
|
|
|a agr49000067
|
| 035 |
|
|
|a (OCoLC)01579664
|
| 035 |
|
|
|9 AAF1771AM
|
| 040 |
|
|
|a DLC
|c FQG
|d OCL
|d TXA
|d UtOrBLW
|
| 049 |
|
|
|a TXAM
|c [175044]
|
| 050 |
0 |
0 |
|a S591
|b .J57 1949
|
| 092 |
|
|
|a 631.4
|b J64p2
|
| 100 |
1 |
|
|a Joffe, Jacob Samuel,
|d 1887-
|
| 245 |
1 |
0 |
|a Pedology /
|c With an introd. by Curtis F. Marbut.
|
| 250 |
|
|
|a [2d ed.].
|
| 264 |
|
1 |
|a New Brunswick :
|b Pedology Publications,
|c 1949.
|
| 300 |
|
|
|a xv, 662 pages :
|b illustrations portraits, maps (1 folded) ;
|c 24 cm.
|
| 336 |
|
|
|a text
|b txt
|2 rdacontent
|
| 337 |
|
|
|a unmediated
|b n
|2 rdamedia
|
| 338 |
|
|
|a volume
|b nc
|2 rdacarrier
|
| 504 |
|
|
|a "References" at end of most of the chapters.
|
| 650 |
|
0 |
|a Soils.
|
| 999 |
|
|
|a MARS
|
| 999 |
f |
f |
|s 4e89add2-5718-38e3-93d2-4f5de8836dd7
|i af6497af-e714-393c-9abf-67d349921a02
|t 0
|
| 952 |
f |
f |
|p ric
|a Texas A&M University
|b Rellis Campus
|c Joint Library Facility
|d Remote Storage
|t 0
|e S591 .J57 1949
|h Library of Congress classification
|i unmediated -- volume
|m A14801063707
|
| 998 |
f |
f |
|a S591 .J57 1949
|t 0
|l Remote Storage
|